000 00229nam a2200085Ia 4500
245 0 _aLathework : a complete course
100 _a Hall, Harold Poole, 2003
_986391
942 _cBK
008 210817s9999 xx 000 0 und d
999 _c330038
_d330037